000
00325nam a2200145Ia 4500
008
230312s9999||||xx |||||||||||||| ||und||
020
_a
1-8990-3465-0
082
_a
720.19
_b
HIT-T
100
_a
Hitch;David
245
0
_a
Art Book
260
_b
john pidgeon
_a
china
300
_a
287
650
_a
Architecture
942
_c
BK
999
_c
11625
_d
11625